Mechanizácia zberu obilnín Zborník referátov z konferencie. Nitra 21.2.-22.2.1989

Saved in:
Bibliographic Details
Format: Book
Language:Slovak
Published: Banská Bystrica Dom techn. ČSVTS 1989
Edition:1. vyd.
Tags: Add Tag
No Tags, Be the first to tag this record!

MARC

LEADER 00000nam a2200000 4500
001 c032325
005 20221215070836.5
041 0 |a slo 
044 |a SK 
245 1 0 |a Mechanizácia zberu obilnín  |b Zborník referátov z konferencie. Nitra 21.2.-22.2.1989 
250 |a 1. vyd. 
264 1 |a Banská Bystrica  |b Dom techn. ČSVTS  |c 1989 
300 |a 219 s.